00993cam a2200217 a 4500020002200000020002200022020002200044040000800066082002600074245004900100260004900149300002700198650003600225700002500261700002400286942000700310999001700317952014700334952014700481952014700628 a0849353238 (v. 1) a0849353246 (v. 2) a0849353254 (v. 3) cDLC00a664 CRC 1983 A043 Or.00aPreservation of food by ionizing radiation / aBoca Raton, Fla. :bCRC Press,cc1982-c1983. a3 v. :bill. ;c26 cm. 0aRadiation preservation of food.1 aJosephson, Edward S.1 aPeterson, Martin S. cEK c12583d12583 0010406664_000000000000000_CRC_1983_A043_OR70962517aLBAbLBAcA043d2017-08-15o664 CRC 1983 A043 Or.pA15405r2017-08-15w2017-08-15yEK 0010406664_000000000000000_CRC_1983_A048_OR70965413aLBAbLBAcA048d2017-08-31o664 CRC 1983 A048 Or.pA17076r2017-08-31w2017-08-31yEK 0010406664_000000000000000_CRC_1983_A105_OR70970000aLBAbLBAcA105d2018-01-17o664 CRC 1983 A105 Or.pA24042r2018-01-17w2018-01-17yEK